Library of the University of Algiers 3
Ibrahim Sultan Cheibout
شعار جامعة الجزائر 3
مكتبة جامعة الجزائر 3
إبراهيم سلطان شيبوط

القادة الجدد تحويل فن القيادة الإدارية إلى علم نتائج / (رقم التسجيلة. 46024)

تفاصيل مارك
000 -LEADER
fixed length control field 02838nam a2200253Ia 4500
003 - CONTROL NUMBER IDENTIFIER
control field Ost
005 - DATE AND TIME OF LATEST TRANSACTION
control field 20260507075730.0
008 - FIXED-LENGTH DATA ELEMENTS--GENERAL INFORMATION
fixed length control field 260507s9999||||xx |||||||||||||| ||und||
020 ## - INTERNATIONAL STANDARD BOOK NUMBER
International Standard Book Number 3540249960
040 ## - CATALOGING SOURCE
Transcribing agency fsecg
041 ## - LANGUAGE CODE
Language code of text/sound track or separate title ara
082 ## - DEWEY DECIMAL CLASSIFICATION NUMBER
Classification number 658.4092
100 ## - MAIN ENTRY--PERSONAL NAME
Personal name جولمان، دانيال
Relator term مؤلف
245 #0 - TITLE STATEMENT
Title القادة الجدد تحويل فن القيادة الإدارية إلى علم نتائج /
Statement of responsibility, etc. دانيال جولمان
260 ## - PUBLICATION, DISTRIBUTION, ETC.
Place of publication, distribution, etc. الرياض:
Name of publisher, distributor, etc. دار المريخ,
Date of publication, distribution, etc. 2004
300 ## - PHYSICAL DESCRIPTION
Extent 356 صفحة؛
Other physical details إيضاحات ؛
Dimensions 24 سم
504 ## - BIBLIOGRAPHY, ETC. NOTE
Bibliography, etc. note بيبليوغرافيا ص. 321 -356 ؛ملاحق: ص. 311
520 ## - SUMMARY, ETC.
Summary, etc. في هذا الكتاب : مقدمة المترجمين-مقدمة المؤلفين-الجزء الأول : قوة الذكاء العاطفي : الفصل الأول : القيادة الأساسية : البعد الأساسي : الدائرة المفتوحة : الفصل الثاني عشر : القيادة المتناغمة : القائد المشاكس (المتنافر) : أنواع التنافر : الفصل الثالث : التشريح العصبي للقيادة : كفاءات الذكاء الاصطناعي : القادة الجيل القادم : الفصل الرابع : مجموعة أنماط ومهارات القيادة : القائد ذو البصيرة (الملهم) : ذو البصيرة يحدث تجاوبا وصدى : الفصل الخامس : الأنماط المتنافرة تطبق بحذر : الاقتصاد في استخدام المنظم : المنظم وضابط الإيقاع الفعال (المكونات)-الجزء الثاني : صنعة القادة : الفصل السادس : كيف تصبح قائدا متجاوبا (الاكتشافات الخمسة) : داء الرئيس التنفيذي : هل بإمكان كل واحد أن يكون أفضل من المتوسط ؟ : الفصل السابع : الدوافعية نحو التغيير : الاكتشاف الأول : الذات المثالية حيث يبدأ التغيير : الاكتشاف الثاني : ذاتك الحقيقية، أم هل أنت تفقد الإحساس : الفصل الثامن : التحول، تعزيز التغيير في القيادة-الجزء الثالث : بناء تنظيمات ذات ذكاء عاطفي : الفصل التاسع : الواقع العاطفي للفرق : الفصل العاشر : الواقع والرؤية المثالية، بث روح الحياة في مستقبل التنظيم : الفصل الحادي عشر : خلق التغيير المستدام.
653 ## - INDEX TERM--UNCONTROLLED
Uncontrolled term القادة الإداريون
653 ## - INDEX TERM--UNCONTROLLED
Uncontrolled term القيادة الادارية
700 ## - ADDED ENTRY--PERSONAL NAME
Personal name أني ماكي، ريتشارد
Relator term مؤلف ثانوي
700 ## - ADDED ENTRY--PERSONAL NAME
Personal name بوياتزيس
Relator term مؤلف ثانوي
942 ## - ADDED ENTRY ELEMENTS (KOHA)
Koha item type كتب
المقتنيات
Withdrawn status Lost status Source of classification or shelving scheme Damaged status Not for loan Home library Current library Date acquired Serial enumeration / chronology Inventory number Total checkouts Full call number Barcode Date last seen Price effective from Koha item type
    Library of Congress Classification   NOT LOAN / إعارة داخلية مكتبة كلية العلوم الإقتصادية والعلوم التجارية وعلوم التسيير مكتبة كلية العلوم الإقتصادية والعلوم التجارية وعلوم التسيير 07/05/2026 الطابق الأرضي 1169/1   أ/1169ن1 1169/1 07/05/2026 07/05/2026 كتب
    Dewey Decimal Classification   Available مكتبة كلية العلوم الإقتصادية والعلوم التجارية وعلوم التسيير مكتبة كلية العلوم الإقتصادية والعلوم التجارية وعلوم التسيير 07/05/2026 الطابق الأرضي 1169/2   أ/1169ن2 1169/2 07/05/2026 07/05/2026 كتب
    Dewey Decimal Classification   Available مكتبة كلية العلوم الإقتصادية والعلوم التجارية وعلوم التسيير مكتبة كلية العلوم الإقتصادية والعلوم التجارية وعلوم التسيير 07/05/2026 الطابق الأرضي 1169/3   أ/1169ن3 1169/3 07/05/2026 07/05/2026 كتب
    Dewey Decimal Classification   Available مكتبة كلية العلوم الإقتصادية والعلوم التجارية وعلوم التسيير مكتبة كلية العلوم الإقتصادية والعلوم التجارية وعلوم التسيير 07/05/2026 الطابق الأرضي 1169/4   أ/1169ن4 1169/4 07/05/2026 07/05/2026 كتب
    Dewey Decimal Classification   Available مكتبة كلية العلوم الإقتصادية والعلوم التجارية وعلوم التسيير مكتبة كلية العلوم الإقتصادية والعلوم التجارية وعلوم التسيير 07/05/2026 الطابق الأرضي 1169/5   أ/1169ن5 1169/5 07/05/2026 07/05/2026 كتب
    Dewey Decimal Classification   Available مكتبة كلية العلوم الإقتصادية والعلوم التجارية وعلوم التسيير مكتبة كلية العلوم الإقتصادية والعلوم التجارية وعلوم التسيير 07/05/2026 الطابق الثاني 1169/6   أ/1169ن6 1169/6 07/05/2026 07/05/2026 كتب
    Dewey Decimal Classification   Available مكتبة كلية العلوم الإقتصادية والعلوم التجارية وعلوم التسيير مكتبة كلية العلوم الإقتصادية والعلوم التجارية وعلوم التسيير 07/05/2026 الطابق الثاني 1169/7   أ/1169ن7 1169/7 07/05/2026 07/05/2026 كتب
    Dewey Decimal Classification   Available مكتبة كلية العلوم الإقتصادية والعلوم التجارية وعلوم التسيير مكتبة كلية العلوم الإقتصادية والعلوم التجارية وعلوم التسيير 07/05/2026 الطابق الثاني 1169/8   أ/1169ن8 1169/8 07/05/2026 07/05/2026 كتب

موارد الويب المفتوحة


© University of Algiers 3 All Rights Reserved
|
Implemented by LECHELAH Riad